00620nam a2200193Ia 4500008004100000020001400041082001600055100001800071245005200089250000700141260004500148300002800193500001900221600002700240650001500267942000700282952012200289999001500411240925s9999 xx 000 0 und d a135718376 a621.382 BLA aBlack, Uyless 0aATM, Volume II: signaling in broadband networks aNA aNew Jersey:bPrintice- Hall Int.c,1998. axii,313p.bNAfOriginal aIncludes Index aEngineering Technology aTechnology cBK 001040708ETaUITUbUITUd2000-04-27eMilleniumg190.00l0o621.382 BLApQ2367r2024-09-25 07:12:45w2024-09-25yBK c4866d4866